000 00924cam a22002777a 4500
003 CHAP
005 20220329133339.0
008 971013s1989 r 00010 d
010 _a5235
011 _a6207
035 _a5427
040 _cCHAP
082 _a630.72
_bB7
100 0 0 _aBrown, James Richard.
_915663
245 0 _aSanborn field centennial
_b: a celebration of 100 years of agricultural research: proceeding
260 _aColombia Mo. :
_bUniversity of Missouri-Colombia,
_c1989
300 _a153 p.
_b: ilus. ; gráfs.
590 _aBATCH-UPD
_b10
_c20130110
_lUCH01
_h2014
590 _aBATCH-UPD
_b10
_c20130410
_lUCH01
_h1333
590 _aCONVERSION
_b10
_c20130109
_lUCH01
_h1304
650 1 4 _aAgricultura
_xInvestigacion
_xCongresos.
_91605
650 1 4 _aAgricultura
_xInvestigacion
_zE.U.A.
_91699
901 _aBK
942 _cLIBRO
949 _a630.72 B7
_bBC
_cLIBRO
_d33724000037115
_eLIBRO
_h81357
_i5427
_si
999 _c5235
_d5235